00876nam a2200241Ia 450000100060000000300090000600800410001504000130005604000130006904100150008210000180009710000290011524500650014424500760020925000110028526000140029626000210031026000490033130000570038050001250043765000410056265000310060392860IT-RoPAU130308s9999 xx 000 0 und d aIT-RoPAU cIT-RoPAU aPORTOGHESE aCaliman Cleto gCodice Aut. SPICS: 32627 aLeigos e a evangelizacao (Os): visao eclesiologica do sinodo bAmerica Latina: 500 Anos de Evangelizacao-Reflexoes Teologico-Pastorais a1a ed. aSAO PAULO bEdicoes Paulinas c1990 [1° Ed.:1990 - Ed.Ling.Originale:1990] a"17 p. (prefazione: no ; testo: 17 [pagine: 82-98])" aLaici ed Evangelizzazione Visione Ecclesiologica del Sinodo Ecclesiologia di comunione poveri Come soggetti di Comunione aSAGGI TEOLOGIA COMUNICAZIONE SOCIALE eCodice materia Spics: 9211